书目信息 |
| 题名: |
中国防化兵传奇
|
|
| 作者: | 张海泉 , 涂学能 著 | |
| 分册: | ||
| 出版信息: | 济南 黄河出版社 1999.08 |
|
| 页数: | 400页 | |
| 开本: | 32开 | |
| 丛书名: | ||
| 单 册: | ||
| 中图分类: | E271.5 | |
| 科图分类: | ||
| 主题词: | 武装力量--中国 , 军种--中国 , 兵种--中国 | |
| 电子资源: | ||
| ISBN: | 7-80558-751-5 | |
| 000 | 00654nam0 2200229 45 | |
| 001 | 0010021568 | |
| 005 | 20001002155315.1 | |
| 010 | @a7-80558-751-5@d20.00元 | |
| 100 | @a20001002d1999 km y0chiy0120 ea | |
| 101 | 0 | @achi |
| 105 | @a z 000yy | |
| 200 | 1 | @a中国防化兵传奇@AZhong Guo Fang Hua Bing Chuan Qi@f张海泉,涂学能著@FZhang Hai Quan,Tu Xue Neng Zhu |
| 210 | @a济南@c黄河出版社@d1999.08 | |
| 215 | @a400页@d32开 | |
| 606 | 0 | @a武装力量@x中国 |
| 606 | 0 | @a军种@x中国 |
| 606 | 0 | @a兵种@x中国 |
| 690 | @aE271.5@v3 | |
| 701 | 0 | @a张海泉@4著 |
| 701 | 0 | @a涂学能@4著 |
| 801 | @aCN@bPftUser@c20001002 | |
| 905 | @b162314-318@dE271.5@eZH680@f5 | |
| 中国防化兵传奇/张海泉,涂学能著.-济南:黄河出版社,1999.08 |
| 400页;32开 |
| ISBN 7-80558-751-5:20.00元 |
| ● |
| 相关链接 |
|
|
|
正题名:中国防化兵传奇
索取号:E271.5/ZH680
 
预约/预借
| 序号 | 登录号 | 条形码 | 馆藏地/架位号 | 状态 | 备注 |
| 1 | 162314 | 201623145 | 社科库509/509社科库 118排1列2层/ [索取号:E271.5/ZH680] | 在馆 | |
| 2 | 162315 | 201623154 | 社科库509/509社科库 118排1列2层/ [索取号:E271.5/ZH680] | 在馆 | |
| 3 | 162316 | 201623163 | 社科库509/422社科库 45排2列1层/ [索取号:E271.5/ZH680] | 在馆 | |
| 4 | 162317 | 201623172 | 社科库509/509社科库 118排1列2层/ [索取号:E271.5/ZH680] | 在馆 |